banner koha

Physical and quality fruit parameters of new strawberry genotypes (Registro n. 338220)

MARC details
000 -LÍDER
fixed length control field 03364nab a2200337 4500
003 - CÓDIGO MARC DA AGÊNCIA CATALOGADORA
Campo de controle BR-BrBNA
005 - DATA E HORA DA ÚLTIMA ATUALIZAÇÃO
Campo de controle 20250917142621.0
008 - CAMPO DE TAMANHO FIXO
fixed length control field 250917b2024 bl.ar|pooa||| 00| 0 eng |
040 ## - FONTE DA CATALOGAÇÃO
Agência catalogadora BR-BrBNA
Idioma da catalogação por
072 ## - CATEGORIA AGRIS
Código AGRIS F01 ; F30 ; F60
Código do objeto 0960
100 ## - ENTRADA PRINCIPAL - NOME PESSOAL
Nome pessoal Delazeri, Elói Evandro
100 ## - ENTRADA PRINCIPAL - NOME PESSOAL
Nome pessoal Schiavon, Andressa Vighi
100 ## - ENTRADA PRINCIPAL - NOME PESSOAL
Nome pessoal Becker, Tais Barbosa
100 ## - ENTRADA PRINCIPAL - NOME PESSOAL
Nome pessoal Bonow, Sandro
100 ## - ENTRADA PRINCIPAL - NOME PESSOAL
Nome pessoal Cantillano, Rufino Fernando Flores
100 ## - ENTRADA PRINCIPAL - NOME PESSOAL
Nome pessoal Antunes, Luís Eduardo Corrêa
245 ## - TÍTULO PRINCIPAL
Título principal Physical and quality fruit parameters of new strawberry genotypes
500 ## - NOTA GERAL
Nota geral Summaries (En, Pt); 30 ref.; 3 tables
942 ## - ADDED ENTRY ELEMENTS (KOHA)
Koha item type Analítica
520 ## - NOTA DE RESUMO
Nota de conteúdo Abstract – The objective of this work was to evaluate physical and chemical fruit parameters of new strawberry genotypes under field conditions. The study was carried out during the 2018 and 2019 seasons. Twelve genotypes from the breeding program of Embrapa and two commercial cultivars (Camino Real and Merced) were evaluated. The assessed parameters were: average fruit number, average fruit weight, soluble solids, titrable acidity, and the soluble solids/titrable acidity ratio. Among the studied strawberry genotypes, the 8-1, 35-22 ('BRS DC22'), 31-13, 7-5, and 32-2 selections produce more fruits per plant. Among the new genotypes, 'BRS DC25' (Fênix) and 31-13 present the best average fruit weight in both evaluated seasons. The highest sugar content is observed in genotypes 35-22 ('BRS DC22') and 65-2, whereas 8-1 and 'BRS DC25' (Fênix) show the highest acidity. The 7-5, 35-22 ('BRS DC22'), 34-2, and 35-6 genotypes present the best soluble solid/acidity ratio. Index terms: Fragaria x ananassa, berry, cultivar, performance, seasonality.
520 ## - NOTA DE RESUMO
Nota de conteúdo Resumo – O objetivo deste trabalho foi avaliar parâmetros físicos e químicos de frutos de novos genótipos de morangueiro em condições de campo. O estudo foi realizado durante as safras de 2018 e 2019. Foram avaliados 12 genótipos do programa de melhoramento genético da Embrapa e duas cultivares comerciais (Camino Real e Merced). Os parâmetros avaliados foram: número médio de<br/>frutos, massa média de frutos, sólidos solúveis, acidez titulável e relação sólidos solúveis/acidez titulável. Entre os genótipos de morango estudados, as seleções 8-1, 35-22 ('BRS DC22'), 31-13, 7-5 e 32-2 produzem mais frutos por planta. Entre os novos genótipos, 'BRS DC25' (Fênix) e 31-13 apresentam a melhor massa média de frutos nos dois períodos avaliados. O maior teor de açúcar é observado nos genótipos 35-22 ('BRS DC22') e 65-2, enquanto 8-1 e 'BRS DC25' (Fênix) apresentam a maior acidez titulável. Os genótipos 7-5, 35-22 ('BRS DC22'), 34-2 e 35-6 apresentaram a melhor relação sólidos solúveis/acidez. Termos para indexação: Fragaria x ananassa, frutas vermelhas, cultivar, rendimento, sazonalidade.
650 ## - ASSUNTO - THESAGRO
Cabeçalho tópico ou nome geográfico MORANGUEIRO
650 ## - ASSUNTO - THESAGRO
Cabeçalho tópico ou nome geográfico GENÓTIPO
650 ## - ASSUNTO - THESAGRO
Cabeçalho tópico ou nome geográfico CULTIVAR
650 ## - ASSUNTO - THESAGRO
Cabeçalho tópico ou nome geográfico FISIOLOGIA VEGETAL
650 ## - ASSUNTO - THESAGRO
Cabeçalho tópico ou nome geográfico BIOQUÍMICA VEGETAL
650 ## - ASSUNTO - THESAGRO
Cabeçalho tópico ou nome geográfico RENDIMENTO
773 0# - ENTRADA ANALÍTICA
Host Biblionumber 920
Registro do item 357578
Imprenta Brasília-DF Empresa Brasileira de Pesquisa Agropecuária - EMBRAPA 1966-
Outro identificador 2025-5543
Título Pesquisa Agropecuária Brasileira (Brazil)
ISSN 0100-204X
Colação v. 59 p. 1-7; (2024)
Número de controle de registro BR2025002452
856 ## - ACESSO E ENDEREÇO ELETRÔNICO
Identificador uniforme de recurso - URI https://www.scielo.br/j/pab/a/43RwDtzpF4JPf4KrwrGmQYQ/?format=pdf&lang=en

Nenhum exemplar disponível.

BINAGRI

Telefone: (61)3218-2567/2388/3357/2097 - binagri@agro.gov.br

Ministério da Agricultura e Pecuária , Esplanada dos Ministérios, Bloco D, Anexo B, Brasília/DF, CEP: 70.043-900